000 00518nam a2200193Ia 4500
008 101110s9999 xx 000 0 und d
041 _aENGLISH
082 _bSR10508
_a657.45
100 _aGhatalia S.V.
245 _aSpicer & Pegler's practical auditing by Bigg
365 _b30
520 _aCommerce
546 _aENGLISH
630 _aSpicer & Pegler's practical auditing by Bigg
650 _aCommerce
655 _aCommerce
730 _aSpicer & Pegler's practical auditing by Bigg
942 _cBOOK
999 _c805420
_d805417